000 01181nam a2200349 c 4500
001 58781
003 CO-BoRNBP
005 20250828143126.0
007 ta
008 210721s2009 ve a br 000 p spa d
020 _a9789802570997
040 _aCO-BoRNBP
_bspa
_erda
_cCO-BoRNBP
041 0 _aspa
043 _as-ve---
084 _aP
100 1 _aNazoa, Aquiles,
_d1920-1976
_eaut
245 1 0 _aFábula de la avispa ahogada /
_cAquiles Nazoa ; ilustrado por Vicky Sempere.
250 _aDécima primera edición
264 1 _aCaracas, Venezuela :
_bEditorial Ekaré,
_c2009
300 _a34 páginas sin numerar :
_bilustraciones
336 _atexto
_btxt
_2rdacontent
337 _asin mediación
_bn
_2rdamedia
338 _avolumen
_bnc
_2rdacarrier
490 0 _aColección rimas y adivinanzas
521 1 _aRecomendado para un público infantil mayor de 6 años
650 0 7 _aAnimales en la literatura
_2LEMB
_9853
650 0 0 _aFabulas
_ySiglo XIX
_2LEMB
_963979
650 0 4 _aLiteratura infantil venezolana
_ySiglo XX
_2LEMB
_963840
650 0 4 _aPoesía infantil venezolana
_ySiglo XX
_2LEMB
_963842
700 _aSempere, Vicky
_eill
_92517
942 _2loc
_cBKLITI
999 _c58781
_d58781